| Record ID | ia:wayofmen0000dono |
| Source | Internet Archive |
| Download MARC XML | https://archive.org/download/wayofmen0000dono/wayofmen0000dono_marc.xml |
| Download MARC binary | https://www.archive.org/download/wayofmen0000dono/wayofmen0000dono_meta.mrc |
LEADER: 02599cam a2200421Ia 4500
001 ocn821049002
003 OCoLC
005 20181107102229.0
008 121213s2012 oru b 000 0 eng
020 $a9780985452308
020 $a0985452307
035 $a(OCoLC)821049002
037 $bLightning Source Inc, 1246 Heil Quaker Blvd, LA Vergne, TN, USA, 37086, (615)2135815$nSAN 179-6976
040 $aGZU$beng$cGZU$dGZU$dYDXCP$dOCLCF$dBDX$dOCLCQ$dNZAUC$dNTAUP$dSFR
049 $aSFRA
050 $aHQ1090$b.D66 2012
082 04 $a305.31$223
092 $a305.31$bD7196w
100 1 $aDonovan, Jack.
245 14 $aThe way of men /$cJack Donovan.
260 $aMilwaukie, Oregon :$bDissonant Hum,$c2012.
300 $a170 pages ;$c21 cm
336 $atext$btxt$2rdacontent
337 $aunmediated$bn$2rdamedia
338 $avolume$bnc$2rdacarrier
504 $aIncludes bibliographical references.
505 0 $aPreface -- The way of men is the way of the gang -- The perimeter -- The tactical virtues -- Strength -- Courage -- Mastery -- Honor -- On being a good man -- Thug life: the story of rome -- A check to civilization -- The bonobo masturbation society -- What is the best in life -- Start the world -- How to start a gang -- Acknowledgements.
520 $a"What is masculinity? Ask ten men and you'll get ten vague, conflicting answers. Unlike any book of its kind, The Way of Men offers a simple, straightforward answer-without getting bogged down in religion, morality, or politics. It's a guide for understanding who men have been and the challenges men face today. The Way of Men captures the silent, stifling rage of men everywhere who find themselves at odds with the over-regulated, over-civilized, politically correct modern world. If you've ever closed your eyes and wished for one day as a lion, this book is for you."--Publisher description.
650 0 $aMasculinity.
650 0 $aSex role.
907 $a.b36294111$b11-24-18$c10-12-18
998 $axgc$ar3$b11-08-18$cm$da $e-$feng$goru$h4$i0
938 $aBrodart$bBROD$n112181538
938 $aYBP Library Services$bYANK$n11267730
980 $a1118 sh ls
994 $aC0$bSFR
945 $a305.31$bD7196w$d12-17-2018 10:18$e - - $f0$g0$h - - $i31223134169417$j0$0501$k02-15-19$lxgcci$mIR00:12-16-18 requested by .p2714608x@9sjpl for pickup at "Cambrian Branch"$o-$p$14.00$q-$r-$s@ $t1$u1$v0$w1$x0$y.i96925723$z11-16-18
945 $a305.31$bD7196w$d - - $e11-26-2018 14:41$f0$g0$h11-29-18$i31223134169425$j241$0134$k - - $lr3aaa$ol$p$14.00$q-$r-$s- $t1$u1$v0$w1$x0$y.i96925735$z11-16-18